000 00370nam a2200133Ia 4500
005 20260328101441.0
008 260328s9999||||xx |||||||||||||| ||und||
100 _aPapahatzis, Nicos
245 0 _aAncient Corinth - The Museums of Corinth, Isthmia and Sicyon /
_cNicos Papahatzis
260 _bEkdotike Athenon
300 _a112 p.
650 _aARQUITECTURA
942 _cBK
999 _c8260
_d8260